| LEADER |
01250nam0a2200229 450 |
| 001 |
16834211 |
| 010 |
|
|
|a 978-2-7499-3274-3
|b br.
|d 9,95
|
| 100 |
|
|
|a 20191212d2026 u u0frey01 ba
|
| 101 |
0 |
|
|a fre
|
| 102 |
|
|
|a FR
|
| 200 |
0 |
|
|a Dragon céleste (Le)
|e Tome 5 : Le dragon céleste
|f scénario, Kevin Tran
|g dessin, Fanny Antigny
|
| 207 |
|
1 |
|a
|
| 210 |
|
|
|a Neuilly-sur-Seine
|c Michel Lafon
|d DL 2019
|
| 215 |
|
|
|a 1 vol. (non paginé)
|c ill., jaquette ill. en coul.
|d 21 cm
|
| 225 |
1 |
|
|v 5
|
| 330 |
|
|
|a Ki et Hi ont rejoint l'île Eternelle, mais s'ils veulent sauver Mamie Dang, ils devront avant tout retrouver la dernière perle divine ! Sur Terre, les Barkiens sont passés à l'attaque, et seule Mi semble pouvoir se dresser sur leur chemin à l'aide de ses redoutables inventions. Une seule chose est sûre : le Royaume Panda n'a jamais été aussi proche de la chute, et il n'est pas garanti que nos deux héros préférés survivent...
|
| 461 |
|
0 |
|t Ki & Hi
|v 5
|
| 700 |
|
0 |
|a Tran
|b Kevin
|c Scénariste
|f 1991-....
|4 70
|
| 701 |
|
0 |
|a Antigny
|b Fanny
|c Illustrateur
|f 19..-....
|4 440
|
| 900 |
|
|
|a Bande Dessinée enfant ado
|
| 901 |
|
|
|a Accessible au prêt
|
| 995 |
|
|
|a Bibliothèque
|c Bibliothèque
|f 024020398
|h 024020398
|k BD TRA
|o p
|q j
|r az
|e Bibliothèque
|